000 00787cam a2200181 i 4500
005 20260127102747.0
008 250721s1984 ua gr 000 0 ara d
082 1 4 _a352
_bز ع ب
100 1 _aالزعبي، خالد سماره
_eمؤلف.
245 1 0 _aتشكيل المجالس المحلية و أثره على كفايتها :
_bدراسة مقارنة - المملكة المتحدة - فرنسا - يوغسلافيا- مصر - الأردن /
_cدكتور خالد سمارة الزعبي.
264 3 1 _aالإسكندرية :
_bمنشأة المعارف،
_c1984.
300 _a509 صفحة.
490 0 _aالكتب القانونية
650 1 7 _aالإدارة المحلية.
830 0 _aالكتب القانونية
942 _2ddc
_cBK
999 _c8103
_d8103